000 00413nam a22001337a 4500
040 _cNUST
082 _a200 THE
100 _aZaeem Anwaar
_9106777
110 _aSupervisor: Dr. Wasi Haider Butt
245 _aTH-SOF-2117-Management and Recommendation of Code Review Using Multi-Objective Optimization Algorithm
260 _aISLAMABAD:
_bNUST COLLEGE OF EME,
_c2022.
650 _aMS-CSE-19
942 _2ddc
_cTHE
999 _c592912
_d592912